<?xml version="1.0" encoding="UTF-8"?>
<collection xmlns="http://www.loc.gov/MARC21/slim">
    <record>
        <controlfield tag="001">75792</controlfield>
        <controlfield tag="005">20181123131351.0</controlfield>
        <datafield tag="024" ind1="7" ind2=" ">
            <subfield code="2">doi</subfield>
            <subfield code="a">10.26754/ojs_zarch/zarch.201792264</subfield>
        </datafield>
        <datafield tag="024" ind1="8" ind2=" ">
            <subfield code="2">sideral</subfield>
            <subfield code="a">108683</subfield>
        </datafield>
        <datafield tag="037" ind1=" " ind2=" ">
            <subfield code="a">ART-2017-108683</subfield>
        </datafield>
        <datafield tag="041" ind1=" " ind2=" ">
            <subfield code="a">eng</subfield>
        </datafield>
        <datafield tag="100" ind1=" " ind2=" ">
            <subfield code="0">(orcid)0000-0001-5497-4212</subfield>
            <subfield code="a">Bergera, Iñaki</subfield>
            <subfield code="u">Universidad de Zaragoza</subfield>
        </datafield>
        <datafield tag="245" ind1=" " ind2=" ">
            <subfield code="a">Arquitectura, mirada y cultura visual = Architecture, the Art of Looking and Visual Culture</subfield>
        </datafield>
        <datafield tag="260" ind1=" " ind2=" ">
            <subfield code="c">2017</subfield>
        </datafield>
        <datafield tag="506" ind1="0" ind2=" ">
            <subfield code="a">Access copy available to the general public</subfield>
            <subfield code="f">Unrestricted</subfield>
        </datafield>
        <datafield tag="520" ind1="3" ind2=" ">
            <subfield code="a">In the book The Perception of the Visual World, written by James J. Gibson and commissioned by the US Air Force at the start of  orld  ar Two, the author distinguishes between what he calls the visual world and the visual  eld. The former refers to how we usually look, in a manner that is all-embracing and dynamic from a spatial and physical point of view, whereas the visual  eld is static and spatially restrictive. The visual world is the three-dimensional reality we observe, while the visual  eld is a two- dimensional semblance of this reality, the optical interpretation our eyes make. This leads to a polarisation between what things are and what we see and how we visually interpret them, between description and interpretation. Photography, as a visual recording mechanism, refers to  that which surrounds us and resists,’ as María Zambrano famously de ned reality. It is a medium that combines its documentary characteristic, found in natural signs, which Roland Barthes called  spectatorial’ consciousness, thus di erentiated from the   ctional’ consciousness of painting and other forms of expression, with a language open to connotation and interpretation of this reality.  hether visual language is photographic or not, it brings together the representation of what we see and the more or less subjective perception arising from it.  isual language, as a sensory channel, should, therefore, accommodate emotion and artistic appreciation. In 1 20 Paul Klee wrote that  art does not reproduce the visible; it makes visible’.
...</subfield>
        </datafield>
        <datafield tag="540" ind1=" " ind2=" ">
            <subfield code="9">info:eu-repo/semantics/openAccess</subfield>
            <subfield code="a">by-nc-nd</subfield>
            <subfield code="u">http://creativecommons.org/licenses/by-nc-nd/3.0/es/</subfield>
        </datafield>
        <datafield tag="655" ind1=" " ind2="4">
            <subfield code="a">info:eu-repo/semantics/article</subfield>
            <subfield code="v">info:eu-repo/semantics/publishedVersion</subfield>
        </datafield>
        <datafield tag="710" ind1="2" ind2=" ">
            <subfield code="1">5010</subfield>
            <subfield code="2">715</subfield>
            <subfield code="a">Universidad de Zaragoza</subfield>
            <subfield code="b">Unidad Predepartam. Arquitect.</subfield>
            <subfield code="c">Área Proyectos Arquitectónicos</subfield>
        </datafield>
        <datafield tag="773" ind1=" " ind2=" ">
            <subfield code="g">9 (2017), 2-5</subfield>
            <subfield code="p">ZARCH</subfield>
            <subfield code="t">ZARCH</subfield>
            <subfield code="x">2341-0531</subfield>
        </datafield>
        <datafield tag="856" ind1="4" ind2=" ">
            <subfield code="s">641231</subfield>
            <subfield code="u">http://zaguan.unizar.es/record/75792/files/texto_completo.pdf</subfield>
            <subfield code="y">Versión publicada</subfield>
        </datafield>
        <datafield tag="856" ind1="4" ind2=" ">
            <subfield code="s">122261</subfield>
            <subfield code="u">http://zaguan.unizar.es/record/75792/files/texto_completo.jpg?subformat=icon</subfield>
            <subfield code="x">icon</subfield>
            <subfield code="y">Versión publicada</subfield>
        </datafield>
        <datafield tag="909" ind1="C" ind2="O">
            <subfield code="o">oai:zaguan.unizar.es:75792</subfield>
            <subfield code="p">articulos</subfield>
            <subfield code="p">driver</subfield>
        </datafield>
        <datafield tag="951" ind1=" " ind2=" ">
            <subfield code="a">2018-11-23-10:35:26</subfield>
        </datafield>
        <datafield tag="980" ind1=" " ind2=" ">
            <subfield code="a">ARTICLE</subfield>
        </datafield>
    </record>

    
</collection>